| 000 | 01312cam a2200325 i 4500 | ||
|---|---|---|---|
| 999 |
_c532047 _d532047 |
||
| 001 | 17530710 | ||
| 003 | NUST | ||
| 005 | 20191107102518.0 | ||
| 008 | 121115s2012 ne a b 001 0 eng | ||
| 010 | _a 2012032875 | ||
| 020 | _a9780415698443 (hardback : alk. paper) | ||
| 038 | _aMSOHAIL | ||
| 040 |
_aDLC _beng _cDLC _erda _dDLC |
||
| 042 | _apcc | ||
| 050 | 0 | 0 |
_aTA750 _b.H85 2012 |
| 082 | 0 | 0 |
_a627.5 _223 |
| 245 | 0 | 0 |
_aHydraulic fill manual for dredging and reclamation works / _ceditors, Jan van 't Hoff, Van 't Hoff Consultancy B.V., Zeist, The Netherlands, Aart Nooy van der Kolff, Royal Boskalis Westminster, Papendrecht, The Netherlands. |
| 264 | 1 |
_aLeiden, The Netherlands : _bCRC Press/Balkema, _c[2012] |
|
| 300 |
_axxx, 642 pages : _billustrations ; _c25 cm. |
||
| 336 |
_atext _2rdacontent |
||
| 337 |
_aunmediated _2rdamedia |
||
| 338 |
_avolume _2rdacarrier |
||
| 504 | _aIncludes bibliographical references and index. | ||
| 650 | 0 |
_aHydraulic filling. _925326 |
|
| 700 | 1 |
_aHoff, Jan van 't. _925327 |
|
| 700 | 1 |
_aKolff, Aart Nooy van der. _925328 |
|
| 906 |
_a7 _bcbc _corignew _d1 _eecip _f20 _gy-gencatlg |
||
| 942 |
_2ddc _cBK |
||